Η γραπτή γλώσσα στο νηπιαγωγείο
Αποθηκεύτηκε σε:
| Κύριος συγγραφέας: | |
|---|---|
| Μορφή: | Βιβλίο |
| Γλώσσα: | Greek |
| Δημοσίευση: |
Αθήνα :
Καστανιώτης,
2002.
|
| Σειρά: | Βασική βιβλιοθήκη προσχολικής εκπαίδευσης (Καστανιώτης)
; 20 |
| Θέματα: | |
| Ετικέτες: |
Προσθήκη ετικέτας
Δεν υπάρχουν, Καταχωρήστε ετικέτα πρώτοι!
|
MARC
| LEADER | 00000cam a2200000 i 4500 | ||
|---|---|---|---|
| 001 | 1/38036 | ||
| 008 | 030704s2002 gr | ||| |||| ||gre|| | ||
| 020 | |a 9600332185 | ||
| 035 | |l 10070367 | ||
| 040 | |a GR-MY-UA |b gre |e aacr | ||
| 041 | 0 | |a gre | |
| 082 | 7 | |a 372.62 |2 (22) | |
| 100 | 1 | |a Γιαννικοπούλου, Αγγελική Α. | |
| 245 | 1 | 2 | |a Η γραπτή γλώσσα στο νηπιαγωγείο / |c Α.Α. Γιαννικοπούλου. |
| 260 | |a Αθήνα : |b Καστανιώτης, |c 2002. | ||
| 300 | |a 353 σ. ; |c 21 εκ. | ||
| 490 | 1 | |a (Βασική βιβλιοθήκη προσχολικής εκπαίδευσης / Καστανιώτης ; |v 20) | |
| 650 | 0 | 0 | |a Education, Preschool. |
| 650 | 0 | 0 | |a Children |x Writing. |
| 830 | 0 | |a Βασική βιβλιοθήκη προσχολικής εκπαίδευσης (Καστανιώτης) |v ; 20 | |
| 852 | |a INST |b RHODES |e 20030704 |h 372.62 ΓΙΑ |p 005400020281 |q 005400020281 |t BK |y 0 | ||
| 852 | |a INST |b RHODES |e 20181119 |h 372.62 ΓΙΑ |p 005400040322 |q 005400040322 |t BK |y 0 | ||
| 901 | |a BIBL4-2003-2 | ||
| 909 | |a Ρ |b 104813 | ||
| 970 | |a ΚΟΥΛΑΚΙΟΤΗ |b ΛΙΤΣΑ |z 2003/07/04 | ||